000 01028nam a22001337a 4500
999 _c529765
_d529765
008 250507b ||||| |||| 00| 0 eng d
100 _aSlaughter, Matthew J. and Wessel, David
_952833
245 _aProductivity is everything: Why economic policy misses what really matters
260 _aForeign Affairs
300 _a104(2), Mar-Apr, 2025: p.148-161
520 _aFor the United States, these are trying times. Americans are overcome with an unshakable sense of economic malaise. The top-line indicators are good: unemployment is low, inflation is declining, and the country remains the richest in the world. Yet in poll after poll, most Americans say they are unhappy with the state of the economy today and its prospects for tomorrow. Only a quarter consider the economy good or excellent. Nearly 80 percent say they are not confident that their children will live better than they do.- Reproduced https://www.foreignaffairs.com/productivity-everything-slaughter-wessel
773 _aForeign Affairs
942 _cAR